000 00842nam a2200265Ia 4500
005 20250425162717.0
008 250425s9999 xx 000 0 und d
020 _a9781440491023
041 _aeng
082 _a621.31
_pSAN
100 _aSantoso, Surya
245 0 _aFundamentals of Electric Power Quality
_cSurya Santoso
250 _aWinter 2012 Ed.
260 _aEstados Unidos, Austin
_bUniversity of Texas
_c2012
300 _a273 p.
_bIlustrado
_c25 cm
500 _aIncluye tabla de contenido, indice
650 _aCentrales eléctricas
_ePlantas de energía eléctrica
650 _aCompatibilidad electromagnética
650 _aControl de calidad
650 _aSistemas de energía eléctrica
650 _aTransmisión de energía eléctrica
902 _aMonográfico
_cImpreso
942 _c01
010 _a101378
999 _c234884
_d234884